MARC details
| 000 -LEADER |
| fixed length control field |
01340nam a2200277 a 4500 |
| 008 - FIXED-LENGTH DATA ELEMENTS--GENERAL INFORMATION |
| fixed length control field |
120416s1997 ||||||||||||||||| || u |
| 020 ## - INTERNATIONAL STANDARD BOOK NUMBER |
| International Standard Book Number |
088936835X |
| 050 ## - LIBRARY OF CONGRESS CALL NUMBER |
| Classification number |
HC 79.I55 Dev |
| 100 ## - MAIN ENTRY--PERSONAL NAME |
| Personal name |
Valantin, Robert L. (Robert Lyon), 1950- |
| 245 10 - TITLE STATEMENT |
| Title |
Development and the information age : four global scenarios for the future of information and communication technology / |
| Statement of responsibility, etc. |
edited by John Howkins |
| 260 ## - PUBLICATION, DISTRIBUTION, ETC. |
| Place of publication, distribution, etc. |
Ottawa : |
| Name of publisher, distributor, etc. |
The Centre |
| Date of publication, distribution, etc. |
1997 |
| 300 ## - PHYSICAL DESCRIPTION |
| Extent |
xiii, 59p. : ill. |
| 350 ## - PRICE (NR) (BK AM CF MU VM SE) [OBSOLETE] |
| Price |
0.00 |
| 500 ## - GENERAL NOTE |
| General note |
Issued also in French under title: Le dâeveloppement áa l'ãage de l'information. |
| 650 ## - SUBJECT ADDED ENTRY--TOPICAL TERM |
| Topical term or geographic name entry element |
INFORMATION TECHNOLOGY--CONGRESSES |
| 650 ## - SUBJECT ADDED ENTRY--TOPICAL TERM |
| Topical term or geographic name entry element |
Telecommunication - Congresses |
| 650 ## - SUBJECT ADDED ENTRY--TOPICAL TERM |
| Topical term or geographic name entry element |
INFORMATION TECHNOLOGY--ECONOMIC ASPECTS--FORECASTING--CONGRESSES |
| 650 ## - SUBJECT ADDED ENTRY--TOPICAL TERM |
| Topical term or geographic name entry element |
Telecommunication - Forecasting - Congresses |
| 650 ## - SUBJECT ADDED ENTRY--TOPICAL TERM |
| Topical term or geographic name entry element |
INFORMATION |
| 650 ## - SUBJECT ADDED ENTRY--TOPICAL TERM |
| Topical term or geographic name entry element |
TECHNOLOGY TRANSFER--DEVELOPING COUNTRIES--CONGRESSES |
| 700 ## - ADDED ENTRY--PERSONAL NAME |
| Personal name |
Howkins, John, 1945- |
| 710 ## - ADDED ENTRY--CORPORATE NAME |
| Corporate name or jurisdiction name as entry element |
United Nations Commission on Science and Technology for Development |
| 710 ## - ADDED ENTRY--CORPORATE NAME |
| Corporate name or jurisdiction name as entry element |
International Development Research Centre (Canada) |
| 856 ## - ELECTRONIC LOCATION AND ACCESS |
| Uniform Resource Identifier |
<a href="http://www.loc.gov/catdir/toc/fy036/2003427052.html">http://www.loc.gov/catdir/toc/fy036/2003427052.html</a> |
| 995 ## - RECOMMENDATION 995 [LOCAL, UNIMARC FRANCE] |
| -- |
0.00 |
| -- |
CBU-MAIN LIBRARY (Kitwe) |
| -- |
1 |
| -- |
4.99 |
| -- |
1 |
| -- |
AVAILABLE |
| -- |
Main Library Open Access Collection |